<?xml version="1.0" encoding="UTF-8"?>
<record
    xmlns:xsi="http://www.w3.org/2001/XMLSchema-instance"
    xsi:schemaLocation="http://www.loc.gov/MARC21/slim http://www.loc.gov/standards/marcxml/schema/MARC21slim.xsd"
    xmlns="http://www.loc.gov/MARC21/slim">

  <leader>01131nam0a22002651  4500</leader>
  <controlfield tag="001">v19\rc\1404913</controlfield>
  <controlfield tag="005">20250618102125.0</controlfield>
  <datafield tag="035" ind1=" " ind2=" ">
    <subfield code="a">(NLR Aleph) 004534608</subfield>
  </datafield>
  <datafield tag="090" ind1=" " ind2=" ">
    <subfield code="a">1918762</subfield>
    <subfield code="c">1918762</subfield>
  </datafield>
  <datafield tag="100" ind1=" " ind2=" ">
    <subfield code="a">20060512d1870    |||y0rusy50      ca</subfield>
  </datafield>
  <datafield tag="101" ind1="1" ind2=" ">
    <subfield code="a">rus</subfield>
    <subfield code="c">ger</subfield>
  </datafield>
  <datafield tag="102" ind1=" " ind2=" ">
    <subfield code="a">RU</subfield>
  </datafield>
  <datafield tag="105" ind1=" " ind2=" ">
    <subfield code="a">y   c   |||||</subfield>
  </datafield>
  <datafield tag="200" ind1="1" ind2=" ">
    <subfield code="a">&#x423;&#x43A;&#x430;&#x437;&#x430;&#x442;&#x435;&#x43B;&#x44C; &#x434;&#x43B;&#x44F; &#x431;&#x43E;&#x43B;&#x44C;&#x43D;&#x44B;&#x445; &#x43F;&#x43E;&#x441;&#x435;&#x449;&#x430;&#x44E;&#x449;&#x438;&#x445; &#x413;&#x430;&#x448;&#x442;&#x435;&#x439;&#x43D;, &#x441;&#x43E;&#x441;&#x442;&#x430;&#x432;&#x43B;&#x435;&#x43D;&#x43D;&#x44B;&#x439; &#x434;-&#x440;&#x43E;&#x43C; &#x411;. &#x413;&#x435;&#x43D;&#x438;&#x433;&#x441;&#x431;&#x435;&#x440;&#x433;&#x43E;&#x43C;, &#x438;&#x43C;&#x43F;&#x435;&#x440;&#x430;&#x442;&#x43E;&#x440;&#x441;&#x43A;&#x438;&#x43C; &#x441;&#x43E;&#x432;&#x435;&#x442;&#x43D;&#x438;&#x43A;&#x43E;&#x43C;, &#x432;&#x440;&#x430;&#x447;&#x43E;&#x43C; &#x43F;&#x440;&#x438; &#x413;&#x430;&#x448;&#x442;&#x435;&#x439;&#x43D;&#x441;&#x43A;&#x438;&#x445; &#x432;&#x43E;&#x434;&#x430;&#x445; &#x438; &#x43E;&#x440;&#x434;&#x438;&#x43D;&#x430;&#x442;&#x43E;&#x440;&#x43E;&#x43C; &#x442;&#x430;&#x43C;&#x43E;&#x448;&#x43D;&#x435;&#x433;&#x43E; &#x433;&#x43E;&#x441;&#x43F;&#x438;&#x442;&#x430;&#x43B;&#x44F;, &#x437;&#x430;&#x441;&#x43B;&#x443;&#x436;&#x435;&#x43D;&#x43D;&#x44B;&#x43C; &#x43E;&#x440;&#x434;&#x438;&#x43D;&#x430;&#x442;&#x43E;&#x440;&#x43E;&#x43C; &#x412;&#x438;&#x434;&#x435;&#x43D;&#x441;&#x43A;&#x43E;&#x439; &#x431;&#x43E;&#x43B;&#x44C;&#x43D;&#x438;&#x446;&#x44B; &#x432; &#x412;&#x435;&#x43D;&#x435; &#x438; &#x43F;&#x440;.</subfield>
    <subfield code="e">&#x41F;&#x435;&#x440;. &#x441;&#x43E; 2-&#x433;&#x43E; &#x43D;&#x435;&#x43C;. &#x438;&#x437;&#x434;.</subfield>
  </datafield>
  <datafield tag="210" ind1=" " ind2=" ">
    <subfield code="a">&#x421;&#x430;&#x43D;&#x43A;&#x442;-&#x41F;&#x435;&#x442;&#x435;&#x440;&#x431;&#x443;&#x440;&#x433;</subfield>
    <subfield code="c">&#x442;&#x438;&#x43F;. &#x42F;. &#x422;&#x440;&#x435;&#x44F;</subfield>
    <subfield code="d">1870</subfield>
  </datafield>
  <datafield tag="215" ind1=" " ind2=" ">
    <subfield code="a">63 &#x441;.</subfield>
    <subfield code="d">15</subfield>
  </datafield>
  <datafield tag="700" ind1=" " ind2="1">
    <subfield code="a">&#x413;&#x435;&#x43D;&#x438;&#x433;&#x441;&#x431;&#x435;&#x440;&#x433;</subfield>
    <subfield code="b">&#x411;.</subfield>
    <subfield code="4">220</subfield>
  </datafield>
  <datafield tag="801" ind1=" " ind2="0">
    <subfield code="a">RU</subfield>
    <subfield code="b">NLR</subfield>
    <subfield code="g">psbo</subfield>
  </datafield>
  <datafield tag="801" ind1=" " ind2="0">
    <subfield code="a">RU</subfield>
    <subfield code="b">RuMoRGB</subfield>
    <subfield code="2">psbo</subfield>
  </datafield>
  <datafield tag="801" ind1=" " ind2="1">
    <subfield code="a">RU</subfield>
    <subfield code="b">ProSoft-M</subfield>
    <subfield code="2">rusmarc</subfield>
  </datafield>
  <datafield tag="852" ind1=" " ind2=" ">
    <subfield code="a">NLR</subfield>
    <subfield code="j">18.126.6.262</subfield>
  </datafield>
  <datafield tag="899" ind1=" " ind2=" ">
    <subfield code="a">RuMoRGB</subfield>
    <subfield code="j">F 94/46</subfield>
  </datafield>
  <datafield tag="899" ind1=" " ind2=" ">
    <subfield code="a">&#x411;&#x410;&#x41D;</subfield>
  </datafield>
  <datafield tag="942" ind1=" " ind2=" ">
    <subfield code="c">BOOK</subfield>
  </datafield>
  <datafield tag="980" ind1=" " ind2=" ">
    <subfield code="a">NB</subfield>
  </datafield>
  <datafield tag="995" ind1=" " ind2=" ">
    <subfield code="5">2013-10-26</subfield>
    <subfield code="b">NLR02</subfield>
    <subfield code="c">NLR02</subfield>
    <subfield code="e">RFS</subfield>
    <subfield code="f">4534608-10</subfield>
    <subfield code="k">18.126.6.262</subfield>
    <subfield code="o">0</subfield>
    <subfield code="r">BOOK</subfield>
    <subfield code="s">181266262_</subfield>
  </datafield>
  <datafield tag="995" ind1=" " ind2=" ">
    <subfield code="5">2013-10-26</subfield>
    <subfield code="b">NLR01</subfield>
    <subfield code="c">NLR01</subfield>
    <subfield code="e">TEMP</subfield>
    <subfield code="f">4534608-30</subfield>
    <subfield code="o">0</subfield>
    <subfield code="r">BOOK</subfield>
  </datafield>
</record>
